[Event "AUT-ch U16 Girls"]
[Site "St Veit"]
[Date "2018.03.27"]
[Round "4"]
[White "Oberberger, Bianca"]
[Black "Katter, Marlene"]
[Result "0-1"]
[WhiteElo "1223"]
[BlackElo "1365"]
[PlyCount "114"]
[EventDate "2018.03.25"]
[EventType "swiss"]
[EventRounds "7"]
[EventCountry "AUT"]
[SourceTitle "EXT 2019"]
[Source "ChessBase"]
[SourceDate "2018.10.10"]
[SourceVersion "1"]
[SourceVersionDate "2018.10.10"]
[SourceQuality "1"]

1. c4 c5 2. Nc3 Nc6 3. e3 g6 4. Nf3 Bg7 5. g3 d6 6. Bg2 Nf6 7. 0-0 0-0 8. d4 Na5 9. Qe2 a6 10. Nd2 Qc7 11. a4 Nc6 12. d5 Nb4 13. Nf3 Bg4 14. h3 Bf5 15. e4 Bc8 16. Bf4 Nh5 17. Be3 e6 18. Qd2 exd5 19. exd5 Nf6 20. Qe2 Bf5 21. Qd2 Bd3 22. Rfc1 Bxc4 23. Ne1 Bb3 24. Nc2 Nxc2 25. Rxc2 Bxc2 26. Qxc2 Rfe8 27. Rd1 Nd7 28. Ne2 Qb6 29. b3 Ne5 30. Nf4 Qc7 31. Nd3 b5 32. axb5 axb5 33. Nf4 Ra6 34. Rb1 Rea8 35. Kh2 c4 36. bxc4 Qxc4 37. Qxc4 bxc4 38. Ne2 Ra2 39. Nc3 Ra1 40. Rxa1 Rxa1 41. Nb5 Bf8 42. Nc3 Nd3 43. Bd4 Bg7 44. Bxg7 Kxg7 45. Ne4 Ra6 46. Bf3 f5 47. Nd2 c3 48. Nb3 c2 49. Be2 Rb6 50. Bxd3 Rxb3 51. Bxc2 Rb2 52. Bd3 Rxf2+ 53. Kg1 Rf3 54. Be2 Rxg3+ 55. Kh2 Ra3 56. Kg2 f4 57. h4 h6 0-1

[Event "AUT-ch U12 Girls"]
[Site "Woerth"]
[Date "2015.05.25"]
[Round "6.8"]
[White "Hiebner, Carina"]
[Black "Oberberger, Bianca"]
[Result "1/2-1/2"]
[WhiteElo "875"]
[BlackElo "1076"]
[PlyCount "62"]
[EventDate "2015.05.23"]
[EventType "swiss"]
[EventRounds "7"]
[EventCountry "AUT"]
[SourceTitle "EXT 2024"]
[Source "ChessBase"]
[SourceDate "2023.10.10"]
[SourceVersion "1"]
[SourceVersionDate "2023.10.10"]
[SourceQuality "1"]

1. e4 e5 2. Nf3 Nc6 3. Nc3 Nf6 4. d4 exd4 5. Nxd4 Nxd4 6. Qxd4 b6 7. Bg5 h6 8. Bf4 Bc5 9. Qe5+ Be7 10. Bc4 d6 11. Qd4 Bb7 12. Nd5 Bxd5 13. exd5 c5 14. Bb5+ Kf8 15. Qc4 a6 16. Bc6 Ra7 17. 0-0 b5 18. Qd3 Qc8 19. Rfe1 g5 20. Bg3 Qg4 21. h3 Qd4 22. Qxd4 cxd4 23. c3 dxc3 24. bxc3 Rc7 25. Ba8 Kg7 26. Bc6 Rf8 27. Rac1 Rfc8 28. a4 bxa4 29. Bxa4 Nxd5 30. c4 Nb6 31. Bb3 a5 1/2-1/2

[Event "AUT-ch U12 Girls"]
[Site "Woerth"]
[Date "2014.06.08"]
[Round "4"]
[White "Oberberger, Bianca"]
[Black "Haidenberger, Flora"]
[Result "0-1"]
[WhiteElo "1059"]
[BlackElo "1199"]
[PlyCount "58"]
[EventDate "2014.06.07"]
[EventType "swiss"]
[EventRounds "7"]
[EventCountry "AUT"]
[SourceTitle "EXT 2016"]
[Source "ChessBase"]
[SourceDate "2015.10.08"]
[SourceVersion "1"]
[SourceVersionDate "2015.10.08"]
[SourceQuality "1"]

1. e4 e5 2. Nf3 Nc6 3. Nc3 Nf6 4. Bc4 Nxe4 5. Nxe4 d5 6. Nc3 dxc4 7. 0-0 Bc5 8. Qe1 Qf6 9. Nd5 Qd6 10. Nc3 0-0 11. Nb5 Qe7 12. d3 cxd3 13. cxd3 a6 14. Nc3 Bg4 15. Qe4 Bxf3 16. Qxf3 Rad8 17. Bd2 Rd7 18. Qg3 Qe6 19. Rfe1 Rfd8 20. d4 Bxd4 21. Ne4 Qg6 22. Qxg6 hxg6 23. h3 f5 24. Ng5 Bxf2+ 25. Kxf2 Rxd2+ 26. Re2 Rxe2+ 27. Kxe2 Nd4+ 28. Ke1 Nc2+ 29. Ke2 Nxa1 0-1

[Event "AUT-ch U12 Girls"]
[Site "Linz"]
[Date "2013.05.19"]
[Round "3"]
[White "Oberberger, Bianca"]
[Black "Fuerst, Gloria"]
[Result "0-1"]
[WhiteElo "1001"]
[BlackElo "1089"]
[PlyCount "60"]
[EventDate "2013.05.18"]
[EventType "swiss"]
[EventRounds "7"]
[EventCountry "AUT"]
[SourceTitle "EXT 2015"]
[Source "ChessBase"]
[SourceDate "2014.11.20"]
[SourceVersion "1"]
[SourceVersionDate "2014.11.20"]
[SourceQuality "1"]

1. e4 e5 2. Nf3 Nc6 3. Nc3 Nf6 4. Bc4 Bc5 5. d3 d6 6. Bg5 0-0 7. 0-0 h6 8. Bh4 Bb4 9. Qd2 Qe7 10. a3 Bxc3 11. Qxc3 Be6 12. Bb5 Bd7 13. Qd2 a6 14. Bc4 Be6 15. Rab1 Bxc4 16. dxc4 Qe6 17. b3 Nxe4 18. Qc1 Qg4 19. Kh1 Nd4 20. Nxd4 Qxh4 21. Nf3 Nxf2+ 22. Rxf2 Qxf2 23. Qe1 Qxc2 24. Qd1 Qf5 25. Nh4 Qf4 26. Qe1 Rfe8 27. Nf3 Re6 28. Nh4 Rf6 29. Rd1 Qf2 30. Qg1 Qxh4 0-1